THE IDEAL OF A SUCCESSFUL PERSON AND THE DISABLED

Bibliographic Details
Main Author: Grzybowska, Danuta (Author)
Format: Article
Language:English

MARC

LEADER 00000nab a2200000uu 4500
001 vtls011541419
003 SK-MaSNL
005 20260303114809.0
008 230127|2009 xo |||||||||||||||||eng|
015 |a SNBRB 
035 |a (urnnbn)urn:nbn:sk:snk:ar-a09tmp 
035 |a (uuid)8116a7a9-b2ca-4b37-aeb8-2ad71a340e4a 
035 |a urn:nbn:sk:snk-abezfa 
040 |a SNKBUCL  |b slo  |c SNKBUCL  |e AACR2 
041 0 |a eng 
044 |a xo  |c SK 
100 1 |a Grzybowska, Danuta  |4 aut  |9 1129703 
245 1 0 |a THE IDEAL OF A SUCCESSFUL PERSON AND THE DISABLED  |c Danuta Grzybowska 
773 0 |t Acta humanica  |g Roč. 6, č. 3 (2009), s. 255-258 
954 |a odborná, vedecká literatúra pôvodná (slovenská)  |2 lita 
954 |a odborná, vedecká literatúra cudzojazyčná (svetová)  |2 lita 
958 |a OND 
958 |a EUIPO 
958 |a article22 
999 |c 1900487  |d 1902417